Statystyki dla Historyczne Stolice [Trudne]

Kliknij tutaj aby rozwiązać quiz!

Ogólne statystyki

  • Ten quiz został rozwiązany 118 razy
  • Średni wynik to 7 z 15

Statystyki odpowiedzi

PaństwoStolica% Poprawnych
Polska [1290-1296]Poznań
82%
Litwa [1922-1940]Kowno
79%
RFN [1949-1990]Bonn
75%
Polska [1079-1138]Płock
73%
Rosja [do 1703]Moskwa
60%
Polska [1944] (Tymczasowa, zależna od ZSRR)Lublin
57%
Australia [1901-1927]Melbourne
56%
Włochy [1861-1865]Turyn
50%
Nigeria [do 1991]Lagos
49%
Stany Zjednoczone [1790-1800]Filadelfia
48%
Nowa Zelandia [do 1865]Auckland
38%
Portugalia [1808-1821]Rio de Janeiro
22%
Persja [1502-1548]Tabriz
3%
Japonia [710-740 oraz 745-784]Heijo-kyo
2%
Kanada [1841-1843]Kingston
2%

Rozkład punktacji

Percentyl według liczby udzielonych odpowiedzi

Procent ludzi z każdym wynikiem

Twoja historia wyników

Nie rozwiązałeś tego quizu